000 00871nam a2200301Ia 4500
001 Z_6093
003 CHAP
008 220113s1978 xx 000 0 und d
010 _a169324
040 _cCHAP
082 _a630.68 A34
100 _aAguilar Valdés, Alfredo
_92867
245 _aAdministración agropecuaria : trabajo colectivo de investigación académica /
_cAlfredo Aguilar Valdés [et al.]
250 _a2a ed.
260 _aMéxico :
_bM.V.Z. - E.A.A.,
_c1978
300 _a514 p.
503 _aej.1: Donado por la Profa. Maldonado Simán, Ema
504 _aIncluye bibliografía e índice
650 _aAdministración rural
_9138129
650 _aAgricultura
_xAspectos económicos
_91196
650 _aAgricultura
_xLeyes
_91720
901 _a630.68 A34
902 _aA
910 _a1978
942 _c1
942 _cc1
999 _c169324
_d169324